logo

Bir Sreshtho Munshi Abdur Rouf Library
Jhenaidah Cadet College

Gulliver's travels, notes; including life of Swift ... / (Record no. 10528)

MARC details
000 -LEADER
fixed length control field 02847nam a2200277 a 4500
001 - CONTROL NUMBER
JCCL Control Number 10528
003 - CONTROL NUMBER IDENTIFIER
JCCL marc code BD-JhCC
005 - DATE AND TIME OF LATEST TRANSACTION
control field 20180430191947.0
008 - FIXED-LENGTH DATA ELEMENTS--GENERAL INFORMATION
fixed length control field 180430s1969 nbu |||| |||| 000 0 eng d
020 ## - INTERNATIONAL STANDARD BOOK NUMBER
International Standard Book Number 0822005697
035 ## - SYSTEM CONTROL NUMBER
system control number (BD-JhCC)10528
040 ## - CATALOGING SOURCE
Original cataloging agency BD-JhCC
Modifying agency BD-JhCC
041 ## - LANGUAGE CODE
Language code of Book eng
082 ## - DEWEY DECIMAL CLASSIFICATION NUMBER
Classification number 823.5
Author mark and Year SOE 1969
100 ## - MAIN ENTRY--PERSONAL NAME
Personal name Soens, A. L.
Fuller form of name (Adolph L.)
245 ## - TITLE STATEMENT
Title Gulliver's travels, notes; including life of Swift ... /
Statement of responsibility, etc A. L. Soens, James L. Roberts,
260 ## - PUBLICATION, DISTRIBUTION, ETC. (IMPRINT)
Place of publication, distribution, etc USA :
Name of publisher, distributor, etc Cliff's notes,
Date of publication, distribution, etc 1969
300 ## - PHYSICAL DESCRIPTION
Pagination 85 p. :
Dimensions 21 cm.
504 ## - BIBLIOGRAPHY, ETC. NOTE
Bibliography, etc Includes bibliography
520 ## - SUMMARY, ETC.
Summary, etc Cliffs Test Preparation Guides help students prepare for and improve their performance on standardized tests ACT Preparation Guide CBEST Preparation Guide CLAST Preparation Guide ELM Review GMAT Preparation Guide GRE Preparation Guide LSAT Preparation Guide MAT Preparation Guide MATH Review for Standardized Tests MSAT Preparation Guide Memory Power for Exams Police Officer Examination Preparation Guide Police Sergeant Examination Preparation Guide Police Management Examinations Preparation Guide Postal Examinations Preparation Guide Praxis I: PPST Preparation Guide Praxis II: NTE Core Battery Preparation Guide SAT Preparation Guide SAT II Writing Preparation Guide TASP Preparation Guide TOEFL Preparation Guide with 2 cassettes Advanced Practice for the TOEFL with 2 cassettes Verbal Review for Standardized Tests Writing Proficiency Examinations You Can Pass the GED Cliffs Quick Reviews help students in introductory college courses or Advanced Placement classes Algebra I Algebra II Anatomy & Physiology Basic Math and Pre-Algebra Biology Calculus Chemistry Differential Equations Economics Geometry Linear Algebra Microbiology Physics Statistics Trigonometry Cliffs Advanced Placement Preparation Guides help high school students taking Advanced Placement courses to earn college credit AP Biology AP Calculus AB AP Chemistry AP English Language & Composition AP English Literature & Composition AP United States History Cliffs Complete Study Editions are comprehensive study guides with complete text, running commentary and glossary Chaucer's Prologue Chaucer's Wife of Bath Hamlet Julius Caesar King Henry IV, Part I King Lear Macbeth The Merchant of Venice Othello Romeo and Juliet The Tempest Twelfth Night See inside back cover for listing of Cliffs Notes titles Registered trademarks include: GRE, MSAT, the Praxis Series, and TOEFL (Educational Testing Service): AP, Advanced Placement Program, and SAT (College Entrance Examination Board); GMAT (Graduate Management Admission Council); and LSAT (Law School Admission Council.) Gulliver's Travels
650 ## - SUBJECT ADDED ENTRY--TOPICAL TERM
Topical term or geographic name as entry element Gulliver's travels (Swift, Jonathan)
650 ## - SUBJECT ADDED ENTRY--TOPICAL TERM
Topical term or geographic name as entry element English literature
650 ## - SUBJECT ADDED ENTRY--TOPICAL TERM
Topical term or geographic name as entry element Adventure stories
700 ## - ADDED ENTRY--PERSONAL NAME
Personal name Roberts, James L.
942 ## - ADDED ENTRY ELEMENTS (KOHA)
Source of classification or shelving scheme Dewey Decimal Classification
Koha item type Books
Holdings
Source of classification or shelving scheme Damaged status Not for loan Home library Current library Shelving location Date of accession Cost, normal purchase price Total Checkouts Full call number Barcode Date last seen Copy number Koha item type
Dewey Decimal Classification     JCC Rouf Library JCC Rouf Library General Stacks 04/30/2018 1.00   823.5 SOE 1969 14095 04/30/2018 C-1 Books

JCC Library | Contacts | JCC Home

Last Update on 23 September 2017
Copyright @ 2017-2020 JCC Rouf Library
Rouf Library, Jhenidah Cadet College (JCC), Bangladesh